Detalles MARC
| 000 -LEADER |
| fixed length control field |
01584nam a2200385 a 4500 |
| 005 - FECHA ULTIMA MODIFICACION |
| control field |
20240424100627.0 |
| 008 - CAMPO DE CONTROL (LIBRO) |
| fixed length control field |
100708s2010||||sp a f |||| 001 0 spa d |
| 020 ## - INTERNATIONAL STANDARD BOOK NUMBER |
| ISBN |
9788480866385 |
| 041 ## - CODIGO DE IDIOMA |
| Código de idioma del texto/pista de sonido o título separado |
spa |
| 092 ## - SIGNATURA TOPOGRAFICA DEWEY LOCAL |
| número de clasificación |
617.15 |
| libristica |
51 |
| sección |
MCR |
| 100 1# - ENTRADA PRINCIPAL--NOMBRE PERSONAL |
| Nombre personal |
McRae, Ronald. |
| 9 (RLIN) |
1036 |
| 245 ## - TITULO PROPIAMENTE DICHO |
| Título |
Tratamiendo práctico de fracturas / |
| Mención de responsabilidad y remanente de la transcripción de la portada |
Ronald McRae |
| 250 ## - MENCION DE EDICION |
| Mención de edición |
5a ed. en español de la obra original en inglés |
| Mención de responsabilidad relacionada con la ed. |
Revisión científica José Baena Díaz |
| 260 ## - PIE DE IMPRENTA |
| Lugar de publicación, distribución, etc |
Barcelona: |
| Nombre de la editorial, distribuidor, etc |
Elsevier ; Churchill Livingstone; |
| Fecha de publicación |
2010. |
| 300 ## - DESCRIPCION FISICA |
| Extension |
450 p. |
| Otros detalles físicos |
il. |
| 500 ## - NOTA GENERAL |
| Nota general |
McRae, R. y Esser, M. (2010). Tratamiento práctico de fracturas. (5a ed.). Barcelona : Elsevier. |
| 653 ## - TÉRMINO INDIZADO - PALABRAS CLAVES |
| Palabra clave |
Anatomía patológica y consolidación de las fracturas |
| 653 ## - TÉRMINO INDIZADO - PALABRAS CLAVES |
| Palabra clave |
Diagnóstico de las fracturas y principios terapéuticos |
| 653 ## - TÉRMINO INDIZADO - PALABRAS CLAVES |
| Palabra clave |
Técnicas de reducción cerrada y escolayado en el tratamiento de las fracturas |
| 653 ## - TÉRMINO INDIZADO - PALABRAS CLAVES |
| Palabra clave |
Fracturas abiertas: fijación interna |
| 653 ## - TÉRMINO INDIZADO - PALABRAS CLAVES |
| Palabra clave |
Factores que influyen en la consolidación; complicaciones; fracturas espontáneas |
| 653 ## - TÉRMINO INDIZADO - PALABRAS CLAVES |
| Palabra clave |
Cintura escapular y húmero |
| 653 ## - TÉRMINO INDIZADO - PALABRAS CLAVES |
| Palabra clave |
Lesiones en la región del codo |
| 653 ## - TÉRMINO INDIZADO - PALABRAS CLAVES |
| Palabra clave |
Lesiones de los huesos del antebrazo |
| 653 ## - TÉRMINO INDIZADO - PALABRAS CLAVES |
| Palabra clave |
Muñeca y mano |
| 653 ## - TÉRMINO INDIZADO - PALABRAS CLAVES |
| Palabra clave |
Columna vertebral |
| 653 ## - TÉRMINO INDIZADO - PALABRAS CLAVES |
| Palabra clave |
Pelvis, cadera y cuello femoral |
| 653 ## - TÉRMINO INDIZADO - PALABRAS CLAVES |
| Palabra clave |
Fracturas femorales y lesiones en la región de la rodilla |
| 653 ## - TÉRMINO INDIZADO - PALABRAS CLAVES |
| Palabra clave |
Fracturas de tibia |
| 653 ## - TÉRMINO INDIZADO - PALABRAS CLAVES |
| Palabra clave |
Lesiones en la región del tobillo |
| 653 ## - TÉRMINO INDIZADO - PALABRAS CLAVES |
| Palabra clave |
Lesiones del pie |
| 653 ## - TÉRMINO INDIZADO - PALABRAS CLAVES |
| Palabra clave |
Consulta de fracturas |
| 700 1# - ENTRADAS SECUNDARIAS - NOMBRE PERSONAL |
| Nombre personal |
Esser, Max. |
| 9 (RLIN) |
1037 |
| 942 ## - ADDED ENTRY ELEMENTS (KOHA) |
| Source of classification or shelving scheme |
Dewey Decimal Classification |
| Item type |
Libros |